Responses for show #10 - Friday, September 21, 1984

Contestants

Clare Delaman, a credit manager from Huntington Beach, California

Eric Grove, an elementary school teacher from Los Angeles, California

Lynn Strather, a technical editor originally from Hazleton, Pennsylvania (whose 1-day cash winnings total $900)

Jeopardy! Round responses

GEOGRAPHY
DOUBLE TALK
"JACKS" OF ALL TRADES
SHIPS
"B" MOVIES
SPORTS
    $100 4
(Eric: What is...)
(Alex: No, you weren't first, Eric. Clare?)

Taiwan

Clare
    $100 13
a muumuu

Lynn
    $100 9
Jack Benny

Lynn
    $100 21
the Titanic

Eric
    $100 1
Breakfast at Tiffany's

Lynn
    $100 22
golf

Clare
    $200 5
(Eric: What is Indonesia?)
(Clare: What is Guyana... British Guiana?)

Dutch Guiana

LynnEricClare
    $200 15
aye aye

Clare
    $200 10
Jack Sprat

Clare
    $200 23
the Mayflower

Eric
    $200 2
Birdman of Alcatraz

Lynn
    $300 7
(Clare: What is Afghanistan?)

Bangladesh

LynnClare
    $300 16
Bamm-Bamm

Eric
    $300 14
Jack London

Clare
    $300 25
(Aristotle) Onassis

Clare
    $300 3
(Lynn: [no response])

Being There

LynnEric
    $400 11
Rhodesia

Eric
    $400 17
Ling-Ling

Clare
    $400 19
Jack Dempsey

Triple Stumper
    $400 26
the Queen Mary

Eric
    $400 6
Baby Doll

Clare
    $500 12
Zaire

Clare
    $500 18
Duran Duran

Clare
    $500 20
Jack Jones

Clare
    $500 24
a junk

Eric
    $500 8
The Boys in the Band

Eric
    $500 27
(Lynn: Who is Rocky Marciano?)
...
(Alex: ...portrayed in the film by Paul Newman.)

Rocky Graziano

Lynn
Triple Stumper

Scores at the first commercial break (after clue 9):

Lynn Eric Clare
$600 $600 $0

Scores at the end of the Jeopardy! Round:

Lynn Eric Clare
$200 $2,500 $3,000

Double Jeopardy! Round responses

LABOR UNIONS
1789
(Alex: ...a good year.)
TOURIST TRAPS
LITERATURE
HOMONYMS
(Alex: And for the benefit of our folks at home, homonyms, of course, are words that sound the same but mean different things.)
TV TRIVIA
    $200 23
Jimmy Hoffa

Lynn
    $200 17
Thanksgiving

Clare
    $200 9
(Clare: What is the Yellowstone National Park?)

the Grand Canyon

LynnClare
    $200 1
Tom

Eric
    $200 6
a caste (cast)

Eric
    $200 12
Hill Street Blues

Lynn
    $400 18
the day of the mutiny on the Bounty

Lynn
    $400 20
(Clare: Let's try TOURIST TRAPS for...)
[Eric rings in]
(Clare: ...$400.)
[Cut to contestants to reveal Eric's and Claire's lecterns both lit]
(Alex: Eric, you were first.)
[Ring-in tone sounds]
(Eric: What is Atl...)
(Voices offstage: No, no, no, no, no...)
(Alex: Hold it. ... All right, then we'll go to Clare, because Eric rang in. Go, Clare.)
...
(Alex: That's right, and I should mention a point here now, for the benefit of our home viewers: Our contestants are instructed to wait until the answer is up on the screen before they ring in.)

Atlantic City, New Jersey

Clare
    $400 2
(Alexandre) Dumas

Eric
    $400 7
by (buy)

Eric
    $400 13
Michael Landon

Lynn
    $600 22
Mann's Chinese Theatre

Eric
    $600 3
home

Eric
    $600 8
a stare (Astaire)

Eric
    $600 14
Glen Campbell

Clare
    $800 24
Niagara Falls

Clare
    $800 4
Ichabod Crane

Eric
    $1,000 10
(Lynn: [No response])

missed (mist)

Lynn
    $800 16
The Honeymooners

Clare
    $1000 21
the national debt

Eric
    $1000 15
the Alamo

Lynn
    $1000 5
[The time expiry signal sounds.]
(Eric: Who is Saint Joan?)
(Alex: You didn't get it in in time, sorry.)

St. Joan of Arc

EricClare
    $1000 11
(Clare: What is a dock?)

piers (peers)

Clare
Triple Stumper
    $1000 19
Perry Mason

Clare

Scores at the end of the Double Jeopardy! Round:

Lynn Eric Clare
$1,600 $6,300 $6,600

[wagering suggestions for these scores]

Final Jeopardy! Round responses

U.S. PRESIDENTS
(Alex: [To Clare] You didn't say "Teddy Roosevelt"; there are two President Roosevelts. I'm sorry; I'll have to rule you incorrect on that. I'm sorry.)
LynnWho was Theodore Roosevelt?
$100
EricWho was Teddy Roose[scribbling]
$5,000
ClareWho was Roosevelt?
$6,050
Theodore Roosevelt

Final scores:

Lynn Eric Clare
$1,700 $11,300 $550
2nd place: a recliner and a coffee/tea set New champion: $11,300 3rd place: an encyclopedia

Game dynamics:

Coryat scores:

Lynn Eric Clare
$2,600 $6,300 $6,600
12 R,
3 W
(including 1 DD)
17 R,
2 W
18 R,
4 W

Combined Coryat: $15,500

The J! Archive is created by fans, for fans. The Jeopardy! game show and all elements thereof, including but not limited to copyright and trademark thereto, are the property of Jeopardy Productions, Inc. and are protected under law. This website is not affiliated with, sponsored by, or operated by Jeopardy Productions, Inc. Join the discussion at JBoard.tv.